Geometric Fundamentals of Robotics

Uložené v:
Podrobná bibliografia
Hlavný autor: Selig, J.M (Autor)
Médium: Kniha
Jazyk:English
Vydavateľské údaje: New York : Springer, 2005
Vydanie:2. vyd.
Predmet:
Tagy: Pridať tag
Žiadne tagy, Buďte prvý, kto otaguje tento záznam!

MARC

LEADER 00000nam a22000003a 4500
001 stu262788
005 20190206105225.1
008 130218s--------xxu-----------------eng-d
020 |a 0-387-20874-7 
040 |a STU  |b slo 
041 0 |a eng 
044 |a xxu 
080 |a 513.0 
100 1 |a Selig, J.M  |4 aut 
245 1 |a Geometric Fundamentals of Robotics 
250 |a 2. vyd. 
260 |a New York :  |b Springer,  |c 2005 
300 |a 398 s 
650 7 |a geometria  |2 stusub 
996 |b 284J040910  |c J*115682  |l JJ0080  |s P  |a 0  |w stu262788_0001